Welsh legends and folk-tales / (Record no. 6709)
[ view plain ]
| 000 -LEADER | |
|---|---|
| fixed length control field | 00763nam a22002657a 4500 |
| 001 - CONTROL NUMBER | |
| JCCL Control Number | 6709 |
| 003 - CONTROL NUMBER IDENTIFIER | |
| JCCL marc code | BD-JhCC |
| 005 - DATE AND TIME OF LATEST TRANSACTION | |
| control field | 20180128165750.0 |
| 008 - FIXED-LENGTH DATA ELEMENTS--GENERAL INFORMATION | |
| fixed length control field | 500101s1955 enka 000 0 eng d |
| 035 ## - SYSTEM CONTROL NUMBER | |
| system control number | (BD-JhCC)6709 |
| 040 ## - CATALOGING SOURCE | |
| Original cataloging agency | DLC |
| Transcribing agency | ORL |
| Modifying agency | OCL |
| -- | UKM |
| -- | EQO |
| -- | BD-JhCC |
| 041 ## - LANGUAGE CODE | |
| Language code of Book | eng |
| 050 #0 - LIBRARY OF CONGRESS CALL NUMBER | |
| Classification number | GR149 |
| Item number | .J6 |
| 082 ## - DEWEY DECIMAL CLASSIFICATION NUMBER | |
| Classification number | 398.2 |
| Author mark and Year | JON 1955 |
| 100 1# - MAIN ENTRY--PERSONAL NAME | |
| Personal name | Jones, Gwyn, |
| Dates associated with a name | 1907-1999. |
| 245 10 - TITLE STATEMENT | |
| Title | Welsh legends and folk-tales / |
| Statement of responsibility, etc | Retold by Gwyn Jones. Illustrated by Joan Kiddell-Monroe |
| 260 ## - PUBLICATION, DISTRIBUTION, ETC. (IMPRINT) | |
| Place of publication, distribution, etc | [London] : |
| Name of publisher, distributor, etc | Oxford University Press, |
| Date of publication, distribution, etc | 1955. |
| 300 ## - PHYSICAL DESCRIPTION | |
| Pagination | 230 p. |
| Other physical details | illus. |
| Dimensions | 23 cm |
| 490 1# - SERIES STATEMENT | |
| Series statement | Oxford myths and legends |
| 650 #0 - SUBJECT ADDED ENTRY--TOPICAL TERM | |
| Topical term or geographic name as entry element | Tales |
| Geographic subdivision | Wales |
| 650 #0 - SUBJECT ADDED ENTRY--TOPICAL TERM | |
| Topical term or geographic name as entry element | Folk Literature |
| 830 #0 - SERIES ADDED ENTRY--UNIFORM TITLE | |
| Uniform title | Oxford myths and legends |
| 942 ## - ADDED ENTRY ELEMENTS (KOHA) | |
| Source of classification or shelving scheme | Dewey Decimal Classification |
| Koha item type | Books |
| Source of classification or shelving scheme | Damaged status | Not for loan | Home library | Current library | Shelving location | Date of accession | Total Checkouts | Full call number | Barcode | Date last seen | Copy number | Koha item type |
|---|---|---|---|---|---|---|---|---|---|---|---|---|
| Dewey Decimal Classification | JCC Rouf Library | JCC Rouf Library | General Stacks | 01/28/2018 | 398.2 JON 1955 | 9261 | 01/28/2018 | C-1 | Books |